000 00870nam a22002297a 4500
005 20240530110605.0
008 161026s2015 ua g b 000 0 ara d
017 _a2014/11578
_bمصر. دار الكتب
020 _a9789772767410
040 _aEG-CaGPL
_cEG-CaGPL
082 0 4 _221
_a953.03\
_bأ س
100 0 _aازهار هادى فاضل .
245 1 0 _aسياسة تعيين ولاة العراق فى العصر الاموى ( 41 - 132 هـ / 661 - 749 م ) /
_cازهار هادى فاضل .
250 _aط1.
260 _aالقاهرة :
_bالمكتب العربى للمعارف ،
_c2015 .
300 _a199 ص ؛
_c24 سم .
504 _aببليوجرافية : ص 169 - 196
650 0 7 _2qrmak
_aولاة العراق .
651 0 7 _2qrmak
_aالعراق
_yالعصر الاموى .
942 _2ddc
_cBK
999 _c62743
_d62743